Online
Catalog

Catalogus florae domingensis = (Record no. 26149)

MARC details
000 -CABECERA
campo de control de longitud fija 01030nam a2200277 a 4500
001 - NÚMERO DE CONTROL
campo de control 000026657
005 - FECHA Y HORA DE LA ÚLTIMA TRANSACCIÓN
campo de control 20200930030333.0
008 - DATOS DE LONGITUD FIJA--INFORMACIÓN GENERAL
campo de control de longitud fija 110324s1943 dr 000 0 spa d
040 ## - FUENTE DE LA CATALOGACIÓN
Centro catalogador/agencia de origen DO-SdBNP
Lengua de catalogación spa
Centro/agencia transcriptor BNPHU
041 07 - CÓDIGO DE LENGUA
Código de lengua del texto/banda sonora o título independiente lat
Código de lengua del sumario o resumen spa
082 ## - NÚMERO DE LA CLASIFICACIÓN DECIMAL DEWEY
Número de clasificación 580.9723
Número de documento/Ítem M896c
100 1# - ENTRADA PRINCIPAL--NOMBRE DE PERSONA
Nombre de persona Moscoso, R. M.
9 (RLIN) 23968
245 10 - MENCIÓN DE TÍTULO
Título Catalogus florae domingensis =
Resto del título (Catálogo de la flora dominicana) /
Mención de responsabilidad, etc. por R. M. Moscoso.
246 11 - FORMA VARIANTE DE TÍTULO
Título propio/Titulo breve Catálogo de la flora dominicana
260 ## - PUBLICACIÓN, DISTRIBUCIÓN, ETC.
Lugar de publicación, distribución, etc. New York :
Nombre del editor, distribuidor, etc. Universidad de Santo Domingo,
Fecha de publicación, distribución, etc. 1943.
300 ## - DESCRIPCIÓN FÍSICA
Extensión v.- ;
Dimensiones 24 cm.
650 24 - PUNTO DE ACCESO ADICIONAL DE MATERIA--TÉRMINO DE MATERIA
Término de materia o nombre geográfico como elemento de entrada Flora dominicana
9 (RLIN) 21009
650 24 - PUNTO DE ACCESO ADICIONAL DE MATERIA--TÉRMINO DE MATERIA
Término de materia o nombre geográfico como elemento de entrada Botánica dominicana
9 (RLIN) 53777
651 #4 - PUNTO DE ACCESO ADICIONAL DE MATERIA--NOMBRE GEOGRÁFICO
Nombre geográfico República Dominicana
Subdivisión general Historia
9 (RLIN) 170
651 #4 - PUNTO DE ACCESO ADICIONAL DE MATERIA--NOMBRE GEOGRÁFICO
Nombre geográfico Santo Domingo (Isla{Rpara}
Subdivisión general Historia
9 (RLIN) 53778
651 #4 - PUNTO DE ACCESO ADICIONAL DE MATERIA--NOMBRE GEOGRÁFICO
Nombre geográfico La Hispaniola (Isla{Rpara}
Subdivisión general Historia
9 (RLIN) 53779
650 24 - PUNTO DE ACCESO ADICIONAL DE MATERIA--TÉRMINO DE MATERIA
Término de materia o nombre geográfico como elemento de entrada Botánicos
Subdivisión geográfica La Hispaniola (Isla{Rpara}
9 (RLIN) 53780
650 24 - PUNTO DE ACCESO ADICIONAL DE MATERIA--TÉRMINO DE MATERIA
Término de materia o nombre geográfico como elemento de entrada Botánicos
Subdivisión geográfica Santo Domingo (Isla{Rpara}
9 (RLIN) 53781
650 24 - PUNTO DE ACCESO ADICIONAL DE MATERIA--TÉRMINO DE MATERIA
Término de materia o nombre geográfico como elemento de entrada Especies botánicas dominicanas
9 (RLIN) 53782
650 24 - PUNTO DE ACCESO ADICIONAL DE MATERIA--TÉRMINO DE MATERIA
Término de materia o nombre geográfico como elemento de entrada Plantas endémicas dominicanas
9 (RLIN) 53783
Holdings
Estado de retiro Estado de pérdida Restricciones de uso No para préstamo Código de colección Localización permanente Ubicación/localización actual Ubicación en estantería Fecha de adquisición Número de inventario Total de préstamos Signatura topográfica completa Código de barras Fecha visto por última vez Precio válido a partir de Tipo de ítem Koha
      Excluido de préstamo Raros y valiosos Patrimonio Dominicano Patrimonio Dominicano Depósito 24.03.2011 LF1   v.1 26657-10 25.06.2020 25.06.2020 No se presta
      Excluido de préstamo Raros y valiosos Patrimonio Dominicano Patrimonio Dominicano Depósito 24.01.2012 LF1   v.1, e.2 26657-20 25.06.2020 25.06.2020 No se presta
      Excluido de préstamo Raros y valiosos Patrimonio Dominicano Patrimonio Dominicano Depósito 24.01.2012 LF1   v.1, e.3 26657-30 25.06.2020 25.06.2020 No se presta

Powered by Koha